| 000 | 00343nam a22001217a 4500 | ||
|---|---|---|---|
| 999 |
_c1324 _d1324 |
||
| 005 | 20200828121509.0 | ||
| 008 | 200828b ||||| |||| 00| 0 eng d | ||
| 020 | _a0216908361 | ||
| 040 | _cCML | ||
| 245 |
_aIntroducing Science. _cJackson, S. |
||
| 260 |
_aBishopbriggs _bBlackie & Sons Ltd. _c1980 |
||
| 942 |
_2ddc _cBK _h507 _mJAC |
||